Problemas de cálculo infinitesimal para uso de los alumnos de las Facultades de Ciencias y aspirantes a Escuelas Especiales / (Record no. 97973)

MARC details
000 -LEADER
campo de control de longitud fija 00724nam a2200205 i 4500
001 - NÚMERO DE CONTROL
campo de control 97973
003 - IDENTIFICADOR DE NÚMERO DE CONTROL
campo de control ES-MaACL
005 - FECHA Y HORA DE LA ÚLTIMA TRANSACCIÓN
campo de control 20250903005838.0
007 - CAMPO FIJO DE DESCRIPCIÓN FÍSICA--INFORMACIÓN GENERAL
campo de control de longitud fija t|
008 - DATOS DE LONGITUD FIJA--INFORMACIÓN GENERAL
campo de control de longitud fija 050721s1951 sp ||||1| spa d
100 1# - ENTRADA PRINCIPAL--NOMBRE DE PERSONA
Nombre de persona Marín Tejerizo, Juan Antonio.
9 (RLIN) 76815
245 10 - MENCIÓN DEL TÍTULO
Título Problemas de cálculo infinitesimal para uso de los alumnos de las Facultades de Ciencias y aspirantes a Escuelas Especiales /
Mención de responsabilidad, etc. Prof. J. A. Marín Tejerizo; prólogo de J. Marín Toyos...
260 ## - PUBLICACIÓN, DISTRIBUCIÓN, ETC.
Lugar de publicación, distribución, etc. Madrid :
Nombre del editor, distribuidor, etc. J. A. Marín,
Fecha de publicación, distribución, etc. 1951.
300 ## - DESCRIPCIÓN FÍSICA
Extensión 1 t. :
Otras características físicas il. ;
Dimensiones 25 cm.
650 #7 - PUNTO DE ACCESO ADICIONAL DE MATERIA--TÉRMINO DE MATERIA
Término de materia o nombre geográfico como elemento de entrada Cálculo
Fuente del encabezamiento o término embne
9 (RLIN) 10668
700 1# - ENTRADA AGREGADA--NOMBRE PERSONAL
Nombre de persona Marín Toyos, J.
9 (RLIN) 76817
852 ## - LOCALIZACIÓN
Ubicación ES-MaACL
Número de control de estantería P-999
Sublocalización o colección R.31872
852 ## - LOCALIZACIÓN
Ubicación ES-MaACL
Número de control de estantería P-1002
Holdings
Estatus retirado Estado de pérdida Estado de daño No para préstamo Biblioteca de origen Biblioteca actual Ubicación en estantería Fecha de adquisición Fuente de adquisición Total de préstamos Signatura topográfica completa Código de barras Visto por última vez Precio de reemplazo Tipo de ítem Koha
        Biblioteca del Ateneo de Madrid Biblioteca del Ateneo de Madrid Depósito 2 17/01/2008     P-999 1102274 23/02/2023 23/02/2023 Libro impreso
        Biblioteca del Ateneo de Madrid Biblioteca del Ateneo de Madrid Depósito 2 17/01/2008     P-1002 1102275 23/02/2023 23/02/2023 Libro impreso